000
00214 a2200097 4500
001
51273
100
_a
Koontz H
245
_a
Electronic Communication
260
_a
Aukland
_b
McGraw Hill
_c
090
_c
32464
_d
32464
942
_a
NUST-CAE
_c
M
_c
24963
999
_c
286346
_d
286346